Be a network marketing leader : (Record no. 28038)
[ view plain ]
| 000 -LEADER | |
|---|---|
| fixed length control field | 02022cam a22003135i 4500 |
| 001 - CONTROL NUMBER | |
| control field | 18733887 |
| 003 - CONTROL NUMBER IDENTIFIER | |
| control field | EG-ScBUE |
| 005 - DATE AND TIME OF LATEST TRANSACTION | |
| control field | 20200211145302.0 |
| 008 - FIXED-LENGTH DATA ELEMENTS--GENERAL INFORMATION | |
| fixed length control field | 150807t20162016nyu f 001 0 eng d |
| 020 ## - INTERNATIONAL STANDARD BOOK NUMBER | |
| International Standard Book Number | 9780814436820 (pbk.) |
| 040 ## - CATALOGING SOURCE | |
| Original cataloging agency | DLC |
| Language of cataloging | eng |
| Description conventions | rda |
| Transcribing agency | DLC |
| Modifying agency | EG-ScBUE |
| 082 04 - DEWEY DECIMAL CLASSIFICATION NUMBER | |
| Classification number | 658.872 |
| Item number | CHR |
| Edition number | 22 |
| 100 1# - MAIN ENTRY--PERSONAL NAME | |
| Personal name | Christensen, Mary, |
| Dates associated with a name | 1951- |
| Relator term | author. |
| 245 10 - TITLE STATEMENT | |
| Title | Be a network marketing leader : |
| Remainder of title | build a community to build your empire / |
| Statement of responsibility, etc | Mary Christensen. |
| 264 #1 - PUBLICATION, DISTRIBUTION, ETC. (IMPRINT) | |
| Place of publication, distribution, etc | New York : |
| Name of publisher, distributor, etc | AMACOM / American Management Association, |
| Date of publication, distribution, etc | [2016] |
| 264 #4 - PUBLICATION, DISTRIBUTION, ETC. (IMPRINT) | |
| Date of publication, distribution, etc | c2016 |
| 300 ## - PHYSICAL DESCRIPTION | |
| Extent | ix, 210 pages ; |
| Dimensions | 23 cm |
| 336 ## - CONTENT TYPE | |
| Content type term | text |
| Content type code | txt |
| Source | rdacontent |
| 337 ## - MEDIA TYPE | |
| Media type term | unmediated |
| Media type code | n |
| Source | rdamedia |
| 338 ## - CARRIER TYPE | |
| Carrier type term | volume |
| Carrier type code | nc |
| Source | rdacarrier |
| 500 ## - GENERAL NOTE | |
| General note | Includes index. |
| 500 ## - GENERAL NOTE | |
| General note | Includes appendix. |
| 505 0# - FORMATTED CONTENTS NOTE | |
| Formatted contents note | Acknowledgments -- Introduction: it's all in your hands -- Ready to lead -- The power of network marketing -- The first steps to building your empire -- Grow your network -- Developing a community -- Create an upbeat, can-do culture -- Engage your team members on facebook -- Healthy relationships - healthy business -- Walking the talk -- Your contacts list is king! -- Maximizing the potential of social media -- Use trade shows and events to expand your prospect pool -- Sponsoring wide and deep -- Learn to communicate -- Effective communication is job #1 -- Use print materials that reflect your best -- Connect with audiences by sharing your story -- Leading your team -- Techniques for creating an engaged community -- Get the benefits of coaching without sapping your time -- How to guide your vulnerable rookies -- Chief cheerleader: celebrate everything! -- How to motivate with competition -- Going forward -- Be a great conductor! -- Embracing change--your competitive edge -- Conclusion -- Appendixes -- Index -- About the author. |
| 650 #7 - SUBJECT ADDED ENTRY--TOPICAL TERM | |
| Topical term or geographic name as entry element | Multilevel marketing. |
| Source of heading or term | BUEsh |
| 650 #7 - SUBJECT ADDED ENTRY--TOPICAL TERM | |
| Topical term or geographic name as entry element | Direct marketing. |
| Source of heading or term | BUEsh |
| 9 (RLIN) | 6756 |
| 653 ## - INDEX TERM--UNCONTROLLED | |
| Resource For college | Communication and mass media |
| Arrived date list | February2020 |
| 942 ## - ADDED ENTRY ELEMENTS (KOHA) | |
| Source of classification or shelving scheme | Dewey Decimal Classification |
| Koha item type | Book - Borrowing |
| Withdrawn status | Lost status | Source of classification or shelving scheme | Damaged status | Not for loan | Collection code | Home library | Current library | Shelving location | Date acquired | Source of acquisition | Cost, normal purchase price | Serial Enumeration / chronology | Total Checkouts | Full call number | Barcode | Date last seen | Cost, replacement price | Price effective from | Koha item type |
|---|---|---|---|---|---|---|---|---|---|---|---|---|---|---|---|---|---|---|---|
| Dewey Decimal Classification | Baccah | Central Library | Central Library | First floor | 11/02/2020 | Purchase | 317.00 | 34025 | 658.872 CHR | 000046709 | 15/07/2025 | 396.25 | 11/02/2020 | Book - Borrowing |